|
|
|
|
| LEADER |
00822nam a22001937a 4500 |
| 008 |
130925b xxu||||| |||| 00| 0 eng d |
| 020 |
|
|
|a 9788126416394
|
| 082 |
|
|
|a 928.9411 AYY/MAN
|
| 240 |
|
|
|a Ayyappa Paniokkar Jeevitharekha
|
| 245 |
|
|
|a അയ്യപ്പപ്പണിക്കര് ജീവിതരേഖ /
|c അയ്യപ്പപ്പണിക്കര് ഫൗണ്ടേഷന്
|
| 250 |
|
|
|a 1st ed.
|
| 260 |
|
|
|a കോട്ടയം :
|b ഡി.സി. ബുക്സ്,
|c 2007.
|
| 300 |
|
|
|a 125p.
|
| 600 |
|
|
|a Ayyappa Panikkar
|
| 650 |
|
|
|a Memoier
|
| 700 |
|
|
|a Mangalath, Priyadas G.
|
| 942 |
|
|
|2 ddc
|c BK
|
| 999 |
|
|
|c 3579
|d 3579
|
| 952 |
|
|
|0 0
|1 0
|2 ddc
|4 0
|6 928_941100000000000_AYYMAN
|7 0
|9 4287
|a MAIN
|b MAIN
|d 2013-09-25
|e D.C. Books, Kottayam
|g 65.00
|o 928.9411 AYY/MAN
|p 4431
|r 2013-09-25
|w 2013-09-25
|y BK
|